| 000 | 00639 a2200193 4500 | ||
|---|---|---|---|
| 999 |
_c2981 _d2981 |
||
| 020 | _a9780862104092 | ||
| 020 | _a0862104092 | ||
| 050 | 0 | 0 | _aK3275 LIV 2006 |
| 110 | _aAmnesty International | ||
| 245 | 0 | 0 |
_aLiving in the shadows : _ba primer on the human rights of migrants. |
| 264 |
_aLondon _bAmnesty international _c2006 |
||
| 300 |
_a91 p. : _bcol. ill. ; |
||
| 500 | _aCover title. | ||
| 650 | 0 | _aEmigration and immigration law. | |
| 650 | 0 |
_aImmigrants _xCivil rights. |
|
| 710 | 2 | _aAmnesty International. | |
| 942 |
_2lcc _cBK _h3275 _iLIV _kK |
||